000 00435nam a2200145Ia 4500
003 OSt
005 20260130110057.0
008 211028s2018 xx 000 0 und d
040 _cAIMIT LIBRARY
041 _aeng
100 _aKhan, Salma; Kudtarkar, Ravi.
_g1616171
_97924
245 _aStudy on employee motivation with special reference to siemens industries ltd /
260 _aMangalore
_bDivya Pereira.
_c2018
942 _2ddc
_cPRO
999 _c219492
_d219492